| 000 | 02472nam a2200373 a 4500 | ||
|---|---|---|---|
| 001 | ebr10674929 | ||
| 003 | CaPaEBR | ||
| 006 | m u | ||
| 007 | cr cn||||||||| | ||
| 008 | 090520s2009 nyua sb 001 0 eng d | ||
| 010 | _z 2009021048 | ||
| 020 | _z9781607417118 (hardcover) | ||
| 020 | _z9781616686659 (e-book) | ||
| 040 |
_aCaPaEBR _cCaPaEBR |
||
| 035 | _a(OCoLC)847615899 | ||
| 050 | 1 | 4 |
_aRC271.E7 _bA76 2009eb |
| 082 | 0 | 4 |
_a616.99/449061 _222 |
| 245 | 0 | 0 |
_aAromatase inhibitors _h[electronic resource] : _btypes, mode of action and indications / _cJean R. Lamonte, editor. |
| 260 |
_aHauppauge, N.Y. : _bNova Science Publishers, _cc2009. |
||
| 300 |
_axii, 189 p. : _bill. |
||
| 490 | 1 | _aCancer etiology, diagnosis and treatments series | |
| 504 | _aIncludes bibliographical references and index. | ||
| 505 | 0 | _aAnti-estrogen agents : aromatase inhibitors; past, present, and future / Masanori Shimodaira and Tomohiro Nakayama -- Aromatase inhibitors : types, mode of action, and indications / Helena Aguilar and Ander Urruticoechea -- Aromatase inhibitors / Mosammat Rashida Begum, Maruf Siddiqui -- Upfront vs. sequential aromatase inhibitors : an ongoing or settled debate? / Tallal Younis ... [et al.] -- Aromatase expression in the endometrium and its role in the development of uterine pathology / Hugo Maia Jr ... [et al.] -- Aromatase inhibitors for the medical treatment of endometriosis / Kaei Nasu ... [et al.] -- An update of the use of aromatase inhibitors in the management of breast cancer / S. Tang, D.A.L. Morgan, and K.L. Cheung -- Aromatase inhibitors in ovulation induction : myth or reality? / Nikolaos P. Polyzos ... [et al.] -- The use of aromatase inhibitors in ovarian cancer and identification of responsive tumors / S.P. Langdon ... [et al.]. | |
| 533 |
_aElectronic reproduction. _bPalo Alto, Calif. : _cebrary, _d2013. _nAvailable via World Wide Web. _nAccess may be limited to ebrary affiliated libraries. |
||
| 650 | 0 |
_aAromatase _xAntagonists _xTherapeutic use. |
|
| 650 | 0 |
_aEstrogen _xAntagonists _xTherapeutic use. |
|
| 650 | 0 |
_aBreast _xCancer _xChemotherapy. |
|
| 650 | 0 |
_aOvaries _xCancer _xChemotherapy. |
|
| 655 | 7 |
_aElectronic books. _2local |
|
| 700 | 1 | _aLamonte, Jean R. | |
| 710 | 2 | _aebrary, Inc. | |
| 830 | 0 | _aCancer etiology, diagnosis, and treatments series. | |
| 856 | 4 | 0 |
_uhttp://site.ebrary.com/lib/rucke/Doc?id=10674929 _zAn electronic book accessible through the World Wide Web; click to view |
| 999 |
_c163790 _d163790 |
||